000 00589 a2200193 4500
001 61032
005 20260407155901.0
008 260407a1956 arg spa d
003 AR-UNSa-BCEJYS
040 _aAR-UNSa-BCEJYS
_bspa
_cAR-UNSa-BCEJYS
080 _a342.924
_xActos legales. Actos administrativos. (Procesal administrativo)
245 1 0 _aEl acto administrativo
264 1 _aBuenos Aires :
_bTEA (Tipográfica Editora Argentina)
_c1956
300 _a430 p.
_c23 cm.
041 _aspa
942 _cBK
590 _aniveau_biblio:m niveau_hierar:0
100 1 _aDiez, Manuel María
999 _c7187
_d7187